000 01037nam a2200301 4500
001 34885
003 BD-RjUL
005 20211209052227.0
008 141519s1972 ii b b 001 0beng
035 _a(BD-RjUL)34979
040 _aDLC
_cDLC
_dBD-RjUL
_beng
041 _aeng
082 0 0 _a301.363095414
_bGHC 1972
100 1 _aGhosh, Murari
_d1931-
_9106194
245 1 0 _aCalcutta :
_ba study in urban growth dynamics /
_cMurari Ghosh, Alok K. Dutta [and] Biswanath Ray.
250 _a1st ed.
260 _aCalcutta :
_bFirma K. L. Mukhopadhyay,
_c1972.
300 _avi, 120 p. :
_bill., maps ;
_c22 cm.
500 _aOn verso of t.p.: Literary agents: Indica, Calcutta.
504 _aIncludes Bibliography and index.
651 0 _aKolkata (India)
_xEconomic conditions.
_9106195
651 0 _aKolkata (India)
_xPopulation
_xHistory.
_9106196
700 1 _aDutta, Alok K.
_ejoint author.
_9106197
700 1 _aRay, Biswanath
_d1941-
_ejoint author.
_9106198
942 _2ddc
_cBK
999 _c34885
_d34885